Analýza stacionarity vybraných ekonomických indikátorov Slovenska v absolútnych hodnotách a po logaritmickej transformácii

Saved in:
Bibliographic Details
Main Author: Lukáčik, Martin, 1974-
Format: Book Chapter
Language:Slovak
Tags: Add Tag
No Tags, Be the first to tag this record!

MARC

LEADER 00000nla$a2200000$$$4500
001 0065502
005 20240502083157.9
041 0 |a slo 
044 |a CZ 
245 1 0 |a Analýza stacionarity vybraných ekonomických indikátorov Slovenska v absolútnych hodnotách a po logaritmickej transformácii  |c Martin Lukáčik 
100 1 |a Lukáčik, Martin, 1974-